Statistics for "I" and "W" U.S. States and their Capitals

Click here to take the quiz!

General Stats

  • This quiz has been taken 29 times
  • The average score is 13 of 16

Answer Stats

State% Correct
Indiana
100%
Iowa
96%
Wisconsin
96%
Washington
88%
West Virginia
88%
Wyoming
88%
Idaho
84%
Indianapolis
84%
Illinois
80%
Cheyenne
72%
Olympia
72%
Boise
68%
Charleston
68%
Springfield
68%
Des Moines
64%
Madison
64%

Score Distribution

Percentile by Number Answered

Percent of People with Each Score

Your Score History

You have not taken this quiz